LDR 00732naa#a2200169#i#450# 001 EN\\bibl\19506 005 20260516102432.6 100 ## _a20260515b2026####ek#y0engy0150####ca 102 ## _aRU 200 1# _aFORMATION OF ETHICS OF REFLECTED TOURISM IN THE ENVIRONMENTAL EDUCATION SYSTEM (ON THE EXAMPLE OF VORONEZH AND THE VORONEZH REGION) _eConference article/thesis 210 1# _aVoronezh _cFSBE Institution of Higher Education Voronezh State University of Forestry and Technologies named after G.F. Morozov _d2026 215 ## _a7 с. 608 ## _aConference article/thesis _2local 675 ## _aФакторы, определяющие спрос. 338.484 _z 700 #1 _aPomazkova _gE. N. 700 #1 _aKartashova _gNelli Pavlovna 856 4# _abibl.vgltu.ru _u